Hospodárstvo dvoch svetov podstata hospodárstva SSSR a USA
Uložené v:
| Médium: | Kniha |
|---|---|
| Jazyk: | Slovak |
| Vydavateľské údaje: |
Bratislava
Pravda
1949
|
| Tagy: |
Žiadne tagy, Buďte prvý, kto otaguje tento záznam!
|
MARC
| LEADER | 00000nam a2200000 4500 | ||
|---|---|---|---|
| 001 | 0308557 | ||
| 005 | 20250513125245.1 | ||
| 041 | 0 | |a slo | |
| 044 | |a SK | ||
| 245 | 1 | 0 | |a Hospodárstvo dvoch svetov |b podstata hospodárstva SSSR a USA |c Ladislav Szántó |
| 264 | 1 | |a Bratislava |b Pravda |c 1949 | |